| 000 | 00000nam##2200000za#4500 |
| 001 | 9.680663 |
| 003 | CaOODSP |
| 005 | 20200421163642 |
| 007 | ta |
| 008 | 150407|2001||||xxc||||| f|0| 0 fre|d |
| 020 | |a0-660-96112-1 |
| 040 | |aCaOODSP|bfre |
| 043 | |an-cn--- |
| 086 | 1 |aNH15-296/1999F |
| 110 | 2 |aSociété canadienne d'hypothèques et de logement. |
| 245 | 10|aEnveloppe à ossature de bois : |bguide des règles de l'art: technologie du bâtiment |
| 260 | |aOttawa - Ontario : |bSociété canadienne d'hypothèques et de logement |c2001. |
| 300 | |a125p. en pagination multple. : |bill., références ; |c30 cm. + |e1 CD-ROM sous le même titre. |
| 563 | |aAuto-relieur |
| 590 | |a02-42|b2002-10-18 |
| 691 | 07|aBâtiment|2gcpds |
| 691 | 07|aBois|2gcpds |
| 691 | 07|aIndustrie de la construction|2gcpds |
| 691 | 07|aTechnologie des matériaux|2gcpds |
| 775 | 08|tWood frame envelopes : |w(CaOODSP)9.647239 |